Statistics for Landmarks of Luxembourg

Click here to take the quiz!

General Stats

  • This quiz has been taken 10 times
  • The average score is 13 of 20

Answer Stats

Answer% Correct
Gëlle Fra
100%
Kirchberg
83%
Moselle River
83%
Philharmonie
83%
American Cemetery
67%
Belval
67%
Dräi Eechelen
67%
Echternach Benedictine Abbey
67%
Grand Ducal Palace
67%
Mullerthal
67%
Notre-Dame Cathedral
67%
Spuerkees
67%
The Bock + Casemates
67%
Vianden Castle
67%
Esch-sur-Sûre
50%
Grund
50%
Schiessentümpel
50%
Terres Rouges
50%
Upper-Sûre Lake
50%
Bourscheid Castle
33%

Score Distribution

Percentile by Number Answered

Percent of People with Each Score

Your Score History

You have not taken this quiz